[Event "Individual Absoluto FMA 2010 Fase Final"]
[Site "Madrid"]
[Date "2010.03.05"]
[Round "8.2"]
[White "Almagro Llanas, Pablo"]
[Black "Moreno Ruiz, Javier"]
[Result "0-1"]
[WhiteElo "2459"]
[BlackElo "2455"]
[PlyCount "106"]
[EventDate "2010.02.23"]
[EventType "tourn"]
[EventRounds "11"]
[EventCountry "ESP"]
[EventCategory "3"]
[SourceDate "2010.02.24"]

1. e4 c5 2. Nf3 g6 3. d4 cxd4 4. Qxd4 Nf6 5. e5 Nc6 6. Qa4 Nd5 7. Qe4 Nb6 8.
Bf4 d5 9. exd6 Bf5 10. Qe2 Bg7 11. c3 O-O 12. Qd2 exd6 13. Na3 Re8+ 14. Be2 d5
15. Be3 d4 16. cxd4 Nd5 17. Bg5 f6 18. Bh4 Qe7 19. Kf1 Bh6 20. Qd1 Rad8 21. Bc4
Kg7 22. Kg1 Nf4 23. h3 Qe4 24. Nb5 Ne2+ 25. Bxe2 Qxe2 26. Qxe2 Rxe2 27. d5 Ne7
28. d6 Nc6 29. b3 Bd3 30. a4 a6 31. Nc7 Rxd6 32. Bg3 Rd7 33. Rd1 Kf7 34. Kh2
Rb2 35. Rhe1 Rxb3 36. Ne6 Rc3 37. Bf4 Bxf4+ 38. Nxf4 Bf5 39. Nd5 Rc5 40. Nb6
Rxd1 41. Rxd1 Be6 42. Nd2 Rc2 43. Ne4 Ne5 44. f4 Nc4 45. Nxc4 Bxc4 46. Rd7+ Ke6
47. Nc5+ Kf5 48. Kg3 Rc3+ 49. Kh4 Kxf4 50. Nxb7 Be2 51. g3+ Kf5 52. g4+ Kf4 53.
Rd4+ Ke5 0-1

[Event "Individual Absoluto FMA 2010 Fase Final"]
[Site "Madrid"]
[Date "2010.03.05"]
[Round "8.3"]
[White "Ramirez Garcia, Jorge Alberto"]
[Black "Cabanas Jimenez, Andres"]
[Result "1/2-1/2"]
[WhiteElo "2175"]
[BlackElo "2174"]
[PlyCount "120"]
[EventDate "2010.02.23"]
[EventType "tourn"]
[EventRounds "11"]
[EventCountry "ESP"]
[EventCategory "3"]
[SourceDate "2010.02.24"]

1. e4 c5 2. Nf3 e6 3. d4 cxd4 4. Nxd4 a6 5. c4 Nf6 6. Nc3 Bb4 7. Bd3 Nc6 8.
Nxc6 Bxc3+ 9. bxc3 dxc6 10. O-O Qa5 11. Qb3 O-O 12. Be3 Qh5 13. f3 b5 14. cxb5
cxb5 15. a4 Bd7 16. axb5 axb5 17. Rxa8 Rxa8 18. Rb1 Rb8 19. Qb4 Rd8 20. Qa5 Rb8
21. c4 b4 22. Qa7 Qe5 23. Bd4 Rb7 24. Bxe5 Rxa7 25. Rxb4 Ne8 26. Kf2 f6 27. Bd4
Ra2+ 28. Rb2 Rxb2+ 29. Bxb2 Nc7 30. Ke3 e5 31. Ba3 Kf7 32. Bd6 Ne6 33. g3 Ke8
34. c5 Nd8 35. Bc4 Nb7 36. f4 Nxd6 37. cxd6 Bg4 38. Bg8 h5 39. Bh7 Kd7 40. fxe5
fxe5 41. Bg6 Kxd6 42. Kf2 Ke7 43. Kg2 Kf6 44. Be8 Ke7 45. Bb5 Be6 46. Be2 Bf7
47. Kh3 g5 48. Kg2 Kd6 49. Kf2 Kc5 50. Ke3 Kb4 51. Kd2 Bg6 52. Kd3 Bf7 53. Bd1
Bc4+ 54. Ke3 Bf7 55. Be2 Kc3 56. Bb5 Bg6 57. Bd7 Bf7 58. Bf5 Be8 59. h3 Bf7 60.
h4 gxh4 1/2-1/2

[Event "Individual Absoluto FMA 2010 Fase Final"]
[Site "Madrid"]
[Date "2010.03.05"]
[Round "8.4"]
[White "Suarez Uriel, Adrian"]
[Black "Alcazar Jimenez, Jesus Alberto"]
[Result "0-1"]
[WhiteElo "2137"]
[BlackElo "2249"]
[PlyCount "64"]
[EventDate "2010.02.23"]
[EventType "tourn"]
[EventRounds "11"]
[EventCountry "ESP"]
[EventCategory "3"]
[SourceDate "2010.02.24"]

1. e4 c5 2. Ne2 e6 3. d4 cxd4 4. Nxd4 Nf6 5. Nc3 Nc6 6. Ndb5 Bb4 7. a3 Bxc3+ 8.
Nxc3 d5 9. exd5 exd5 10. Bd3 d4 11. Ne2 O-O 12. O-O h6 13. Nf4 Ne5 14. Re1 Qd6
15. h3 Bd7 16. Bd2 Rfe8 17. Bf1 Bc6 18. Nd3 Nxd3 19. Bxd3 Qd5 20. Rxe8+ Rxe8
21. Qf1 Ne4 22. Bb4 a5 23. Be1 Ng5 24. f3 Re3 25. Bc4 Qd6 26. Qf2 Rxf3 27. Qe2
Re3 28. Qg4 Bd7 29. Qd1 Nxh3+ 30. Kh1 Bc6 31. Bd3 Nf2+ 32. Bxf2 Rh3+ 0-1

[Event "Individual Absoluto FMA 2010 Fase Final"]
[Site "Madrid"]
[Date "2010.03.05"]
[Round "8.5"]
[White "Taboas Rodriguez, Daniel"]
[Black "Elissalt Cardenas, Hector"]
[Result "0-1"]
[WhiteElo "2378"]
[BlackElo "2357"]
[PlyCount "60"]
[EventDate "2010.02.23"]
[EventType "tourn"]
[EventRounds "11"]
[EventCountry "ESP"]
[EventCategory "3"]
[SourceDate "2010.02.24"]

1. d4 d5 2. c4 e6 3. Nc3 Nf6 4. Bg5 Be7 5. e3 h6 6. Bh4 b6 7. Qa4+ c6 8. cxd5
exd5 9. Nf3 O-O 10. Bd3 Bb7 11. O-O Nbd7 12. Rac1 Re8 13. b4 a5 14. b5 c5 15.
Bg3 Nh5 16. Be5 c4 17. Bb1 Bb4 18. a3 Bxc3 19. Rxc3 Nhf6 20. Bg3 Rc8 21. Nd2
Nh5 22. Qc2 g6 23. e4 dxe4 24. Rxc4 Nxg3 25. hxg3 Nf6 26. Re1 Qd5 27. Nxe4 Kg7
28. Rxc8 Rxc8 29. Qd3 Nxe4 30. Qxe4 Re8 0-1

[Event "Individual Absoluto FMA 2010 Fase Final"]
[Site "Madrid"]
[Date "2010.03.09"]
[Round "9.1"]
[White "Sanchez Gonzalez, Sergio"]
[Black "Candela Perez, Jose"]
[Result "1/2-1/2"]
[WhiteElo "2322"]
[BlackElo "2416"]
[PlyCount "72"]
[EventDate "2010.02.23"]
[EventType "tourn"]
[EventRounds "11"]
[EventCountry "ESP"]
[EventCategory "3"]
[SourceDate "2010.02.24"]

1. e4 c5 2. Nc3 e6 3. Nf3 a6 4. g3 Nc6 5. Bg2 d6 6. O-O Nf6 7. d4 cxd4 8. Nxd4
Bd7 9. Be3 Ne5 10. h3 Rc8 11. Nce2 Nc4 12. Bc1 Be7 13. b3 Na5 14. c4 b5 15.
cxb5 axb5 16. Qd3 Qb6 17. Be3 Qb8 18. a4 bxa4 19. bxa4 O-O 20. Rfb1 Qa8 21. Bg5
Qa7 22. Nb5 Qc5 23. Be3 Qc4 24. Rd1 Qxd3 25. Rxd3 Nc4 26. Bd4 e5 27. Bc3 Ra8
28. Rdd1 Bc6 29. Bb4 Bxe4 30. Nxd6 Bxd6 31. Bxd6 Rfe8 32. Nc3 Bxg2 33. Kxg2 h5
34. Rab1 Nxd6 35. Rxd6 Rec8 36. Nd5 Nxd5 1/2-1/2

[Event "Individual Absoluto FMA 2010 Fase Final"]
[Site "Madrid"]
[Date "2010.03.09"]
[Round "9.3"]
[White "Alcazar Jimenez, Jesus Alberto"]
[Black "Taboas Rodriguez, Daniel"]
[Result "0-1"]
[WhiteElo "2249"]
[BlackElo "2378"]
[PlyCount "108"]
[EventDate "2010.02.23"]
[EventType "tourn"]
[EventRounds "11"]
[EventCountry "ESP"]
[EventCategory "3"]
[SourceDate "2010.02.24"]

1. e4 e6 2. d4 d5 3. exd5 exd5 4. c4 Nf6 5. Nc3 Be7 6. Nf3 O-O 7. Bd3 Bg4 8.
cxd5 Nxd5 9. h3 Be6 10. O-O Nc6 11. a3 Bf6 12. Ne4 Bxd4 13. Neg5 h6 14. Nxe6
fxe6 15. Nxd4 Nxd4 16. Qg4 Nf5 17. Qe4 Qf6 18. Bd2 Rae8 19. Bb4 Nd6 20. Bxd6
cxd6 21. Bc4 Nb6 22. Bd3 d5 23. Qh7+ Kf7 24. Bb5 Rc8 25. Rae1 Qf5 26. Qxf5+
exf5 27. Re5 g6 28. Rfe1 Kg7 29. a4 Rc7 30. a5 Nc4 31. Rxd5 Nxa5 32. b4 Nc6 33.
Bxc6 bxc6 34. Rc5 Rb8 35. Rec1 Rxb4 36. Rxc6 Rxc6 37. Rxc6 Ra4 38. g3 a5 39.
Kg2 f4 40. Ra6 fxg3 41. fxg3 h5 42. h4 Ra1 43. Kh2 Ra2+ 44. Kg1 a4 45. Kf1 a3
46. Kg1 Kf7 47. Kf1 Ke7 48. Kg1 Kd7 49. Ra4 Kc6 50. Kf1 Kb5 51. Ra8 Kb4 52. Ra6
Rc2 53. Rb6+ Ka5 54. Rb3 a2 0-1

[Event "Individual Absoluto FMA 2010 Fase Final"]
[Site "Madrid"]
[Date "2010.03.09"]
[Round "9.4"]
[White "Cabanas Jimenez, Andres"]
[Black "Suarez Uriel, Adrian"]
[Result "1-0"]
[WhiteElo "2174"]
[BlackElo "2137"]
[PlyCount "151"]
[EventDate "2010.02.23"]
[EventType "tourn"]
[EventRounds "11"]
[EventCountry "ESP"]
[EventCategory "3"]
[SourceDate "2010.02.24"]

1. e4 c5 2. Nf3 Nc6 3. d4 cxd4 4. Nxd4 g6 5. Nc3 Bg7 6. Be3 Nf6 7. Bc4 O-O 8.
f3 Qb6 9. O-O Qxb2 10. Ncb5 Qb4 11. Be2 Qa5 12. Nb3 Qd8 13. c4 a6 14. Na3 d6
15. Rb1 Nd7 16. Qd2 Nc5 17. Rfd1 Na4 18. Rdc1 Be6 19. Bd1 Rb8 20. Na1 Nc5 21.
Nb3 b6 22. Be2 Qc7 23. Nc2 Bd7 24. Bg5 Rfc8 25. Ne3 Be6 26. h4 Qa7 27. Kh1 Nxb3
28. axb3 b5 29. cxb5 axb5 30. Nd5 Bxd5 31. exd5 Nd4 32. Rxc8+ Rxc8 33. Be3 Qc5
34. Bxd4 Bxd4 35. Bxb5 Qxd5 36. Bc4 Qe5 37. Re1 Qf6 38. Re4 Be5 39. Qf2 d5 40.
Bxd5 Rc1+ 41. Re1 Qf4 42. g3 Qd4 43. Qxd4 Rxe1+ 44. Qg1 Bxg3 45. Qxe1 Bxe1 46.
h5 gxh5 47. Kg2 Kg7 48. Be4 e6 49. Bd3 h6 50. f4 Kf6 51. Kf3 h4 52. Bf1 Ke7 53.
Ke4 f5+ 54. Kf3 Kd6 55. Ke2 Bc3 56. Kf3 Bd2 57. Bg2 Kc5 58. Bf1 Kd5 59. Bg2 h5
60. Ke2+ Kd4 61. Kxd2 e5 62. fxe5 Kxe5 63. Ke3 Kd6 64. Kd4 f4 65. b4 Kd7 66.
Kd5 Kc7 67. Kc5 h3 68. Bh1 h4 69. b5 h2 70. b6+ Kb8 71. Kc6 Kc8 72. b7+ Kb8 73.
Be4 h3 74. Bf3 h1=R 75. Bxh1 h2 76. Bf3 1-0

[Event "Individual Absoluto FMA 2010 Fase Final"]
[Site "Madrid"]
[Date "2010.03.09"]
[Round "9.5"]
[White "Moreno Ruiz, Javier"]
[Black "Ramirez Garcia, Jorge Alberto"]
[Result "1-0"]
[WhiteElo "2455"]
[BlackElo "2175"]
[PlyCount "45"]
[EventDate "2010.02.23"]
[EventType "tourn"]
[EventRounds "11"]
[EventCountry "ESP"]
[EventCategory "3"]
[SourceDate "2010.02.24"]

1. c4 e6 2. g3 d5 3. Bg2 Nf6 4. Nf3 dxc4 5. O-O a6 6. Nc3 Ra7 7. b3 cxb3 8.
Qxb3 c5 9. d4 cxd4 10. Nxd4 Bc5 11. Rd1 Qb6 12. Na4 Qxb3 13. Nxb3 b6 14. Naxc5
bxc5 15. Ba3 Rd7 16. Nxc5 Rxd1+ 17. Rxd1 Nbd7 18. Nb7 Bxb7 19. Bxb7 Kd8 20. Rc1
Nb6 21. Rc6 Nfd7 22. Bd6 Re8 23. Bxa6 1-0

[Event "Individual Absoluto FMA 2010 Fase Final"]
[Site "Madrid"]
[Date "2010.03.09"]
[Round "9.6"]
[White "Anton Guijarro, David"]
[Black "Almagro Llanas, Pablo"]
[Result "1-0"]
[WhiteElo "2302"]
[BlackElo "2459"]
[PlyCount "85"]
[EventDate "2010.02.23"]
[EventType "tourn"]
[EventRounds "11"]
[EventCountry "ESP"]
[EventCategory "3"]
[SourceDate "2010.02.24"]

1. c4 c6 2. Nf3 d5 3. e3 Nf6 4. Nc3 a6 5. b3 g6 6. Bb2 Bg7 7. Be2 O-O 8. O-O b6
9. Rc1 Bb7 10. Rc2 Nbd7 11. Qa1 Rc8 12. Rfc1 e6 13. Na4 dxc4 14. bxc4 c5 15.
Ne5 Nxe5 16. Bxe5 Ne8 17. Bxg7 Nxg7 18. Qc3 Bc6 19. Qa3 Nf5 20. Bf1 Rb8 21. Rb1
Qc7 22. Rcb2 Bxa4 23. Qxa4 a5 24. Qc2 f6 25. Rb3 Nd6 26. g3 Kf7 27. Qb2 Nc8 28.
d4 Ra8 29. Rb5 Qd6 30. dxc5 bxc5 31. Qa3 Ne7 32. Rxa5 Rxa5 33. Qxa5 h5 34. Rb7
h4 35. a4 hxg3 36. hxg3 f5 37. Qa7 Rd8 38. a5 Kf6 39. a6 Nc6 40. Rf7+ Kg5 41.
Qc7 Ne5 42. f4+ Kg4 43. Qxd6 1-0

[Event "Individual Absoluto FMA 2010 Fase Final"]
[Site "Madrid"]
[Date "2010.03.10"]
[Round "10.1"]
[White "Candela Perez, Jose"]
[Black "Almagro Llanas, Pablo"]
[Result "1-0"]
[WhiteElo "2416"]
[BlackElo "2459"]
[PlyCount "65"]
[EventDate "2010.02.23"]
[EventType "tourn"]
[EventRounds "11"]
[EventCountry "ESP"]
[EventCategory "3"]
[SourceDate "2010.02.24"]

1. d4 d5 2. c4 c6 3. Nc3 dxc4 4. e4 b5 5. a4 e5 6. Nf3 exd4 7. Qxd4 Qxd4 8.
Nxd4 b4 9. Nb1 Ba6 10. Be3 Nf6 11. f3 Nbd7 12. Nd2 Ne5 13. Rc1 c3 14. bxc3 bxc3
15. Rxc3 Bb4 16. Rb3 Bxf1 17. Kxf1 a5 18. Ke2 O-O 19. Rc1 c5 20. Nb5 Nfd7 21.
f4 Ng4 22. Nc4 Rfe8 23. Nc7 Nxh2 24. Rd3 Nf6 25. Nd6 c4 26. Rxc4 Bxd6 27. Nxa8
Bf8 28. Nc7 Rxe4 29. Rxe4 Nxe4 30. Rd8 Nc3+ 31. Kd3 Nxa4 32. Kc2 g5 33. fxg5
1-0

[Event "Individual Absoluto FMA 2010 Fase Final"]
[Site "Madrid"]
[Date "2010.03.10"]
[Round "10.2"]
[White "Ramirez Garcia, Jorge Alberto"]
[Black "Anton Guijarro, David"]
[Result "0-1"]
[WhiteElo "2175"]
[BlackElo "2302"]
[PlyCount "56"]
[EventDate "2010.02.23"]
[EventType "tourn"]
[EventRounds "11"]
[EventCountry "ESP"]
[EventCategory "3"]
[SourceDate "2010.02.24"]

1. e4 e6 2. d4 d5 3. Nc3 Nf6 4. e5 Nfd7 5. f4 c5 6. Nf3 Nc6 7. Be3 Be7 8. g3
O-O 9. Bh3 Kh8 10. Ne2 f6 11. O-O fxe5 12. Nxe5 Ndxe5 13. fxe5 cxd4 14. Nxd4
Bc5 15. Qd2 Nxe5 16. Qc3 Nc4 17. Rxf8+ Qxf8 18. Rf1 Qe7 19. Bf2 Bxd4 20. Qxd4
e5 21. Qxd5 Bxh3 22. Bc5 Qe6 23. Qxb7 Rg8 24. Rd1 Nxb2 25. Re1 Qc4 26. Bf2 Qxc2
27. Rxe5 Nd3 28. Bd4 Qd1+ 0-1

[Event "Individual Absoluto FMA 2010 Fase Final"]
[Site "Madrid"]
[Date "2010.03.10"]
[Round "10.3"]
[White "Suarez Uriel, Adrian"]
[Black "Moreno Ruiz, Javier"]
[Result "0-1"]
[WhiteElo "2137"]
[BlackElo "2455"]
[PlyCount "78"]
[EventDate "2010.02.23"]
[EventType "tourn"]
[EventRounds "11"]
[EventCountry "ESP"]
[EventCategory "3"]
[SourceDate "2010.02.24"]

1. e4 e6 2. d3 c5 3. Nf3 b6 4. g3 Bb7 5. Bg2 d6 6. O-O Nf6 7. Re1 Be7 8. Nbd2
O-O 9. c3 Nbd7 10. a4 Qc7 11. Nc4 a6 12. Bf4 b5 13. Ncd2 e5 14. Bg5 h6 15. Bxf6
Nxf6 16. Nf1 c4 17. Nh4 Rfd8 18. d4 exd4 19. Qxd4 d5 20. exd5 Bc5 21. Qd2 Bxd5
22. Qc2 Bxg2 23. Nxg2 Ng4 24. Nge3 Ne5 25. Qe4 Nd3 26. Re2 Re8 27. Qf3 Rad8 28.
axb5 axb5 29. Rb1 Re6 30. b3 cxb3 31. Rd2 Bxe3 32. Nxe3 Qxc3 33. Qd1 b2 34.
Rdxb2 Qd4 35. Re2 Nf4 36. Re1 Nh3+ 37. Kg2 Qe4+ 38. Qf3 Nf4+ 39. gxf4 Rg6+ 0-1

[Event "Individual Absoluto FMA 2010 Fase Final"]
[Site "Madrid"]
[Date "2010.03.10"]
[Round "10.4"]
[White "Taboas Rodriguez, Daniel"]
[Black "Cabanas Jimenez, Andres"]
[Result "1-0"]
[WhiteElo "2378"]
[BlackElo "2174"]
[PlyCount "99"]
[EventDate "2010.02.23"]
[EventType "tourn"]
[EventRounds "11"]
[EventCountry "ESP"]
[EventCategory "3"]
[SourceDate "2010.02.24"]

1. d4 Nf6 2. Nf3 g6 3. c4 Bg7 4. Nc3 d5 5. cxd5 Nxd5 6. e4 Nxc3 7. bxc3 c5 8.
Be3 Qa5 9. Qd2 Nc6 10. Rc1 cxd4 11. cxd4 Qxd2+ 12. Kxd2 O-O 13. d5 Rd8 14. Ke1
Ne5 15. Nxe5 Bxe5 16. f4 Bd6 17. Kf2 e5 18. Bc5 exf4 19. Bxd6 Rxd6 20. Kf3 f6
21. Rc7 Rd7 22. Rc3 a6 23. Bd3 b5 24. Rhc1 Bb7 25. Rc7 Rad8 26. Kxf4 Kf8 27. g4
h6 28. h4 g5+ 29. Kf5 Kf7 30. h5 Bc8 31. e5 Rxc7+ 32. e6+ Ke7 33. Rxc7+ Kd6 34.
Rc6+ Kxd5 35. Be4+ Kd4 36. Bh1 Rf8 37. Kg6 Ke5 38. e7 Re8 39. Kf7 Bd7 40. Rc7
Rxe7+ 41. Kxe7 Bxg4 42. Rc6 Bxh5 43. Rxf6 Kd4 44. Rxh6 Be2 45. Rxa6 b4 46. Rd6+
Kc3 47. Bd5 g4 48. Kf6 g3 49. Ke5 Bf1 50. Rg6 1-0

[Event "Individual Absoluto FMA 2010 Fase Final"]
[Site "Madrid"]
[Date "2010.03.10"]
[Round "10.6"]
[White "Sanchez Gonzalez, Sergio"]
[Black "Elissalt Cardenas, Hector"]
[Result "1/2-1/2"]
[WhiteElo "2322"]
[BlackElo "2357"]
[PlyCount "99"]
[EventDate "2010.02.23"]
[EventType "tourn"]
[EventRounds "11"]
[EventCountry "ESP"]
[EventCategory "3"]
[SourceDate "2010.02.24"]

1. c4 e6 2. g3 f5 3. Bg2 Nf6 4. d4 Bb4+ 5. Nd2 O-O 6. Nh3 Nc6 7. d5 Ne5 8. Qb3
a5 9. O-O Qe7 10. Nf4 c6 11. a3 Bc5 12. Qc3 Nf7 13. dxe6 dxe6 14. Nd3 Bb6 15.
b4 e5 16. c5 Bc7 17. e4 f4 18. Bb2 Be6 19. Rfe1 Rfd8 20. Nf3 fxg3 21. hxg3 Nd7
22. Nd2 b6 23. cxb6 Bxb6 24. Nf3 Bg4 25. Ndxe5 Ndxe5 26. Nxe5 Nxe5 27. Qxe5
Qxe5 28. Bxe5 Rd2 29. Rf1 axb4 30. axb4 Rxa1 31. Rxa1 Bxf2+ 32. Kh2 Rd1 33.
Rxd1 Bxd1 34. Bd6 Kf7 35. e5 Ba4 36. Be4 g6 37. Kg2 Bd4 38. Kf3 Ke6 39. Kf4 Bb2
40. Bg2 Bc1+ 41. Kf3 Bb3 42. Bh3+ Kf7 43. Ke4 Bb2 44. Bc8 Be6 45. Bb7 Bf5+ 46.
Ke3 Bd7 47. Kf4 h5 48. Ba6 Be6 49. Ke3 g5 50. Bb7 1/2-1/2

[Event "Individual Absoluto FMA 2010 Fase Final"]
[Site "Madrid"]
[Date "2010.03.11"]
[Round "11.1"]
[White "Elissalt Cardenas, Hector"]
[Black "Candela Perez, Jose"]
[Result "1-0"]
[WhiteElo "2357"]
[BlackElo "2416"]
[PlyCount "147"]
[EventDate "2010.02.23"]
[EventType "tourn"]
[EventRounds "11"]
[EventCountry "ESP"]
[EventCategory "3"]
[SourceDate "2010.02.24"]

1. d4 Nf6 2. Nc3 d5 3. Bg5 Nbd7 4. e3 g6 5. f4 Bg7 6. Nf3 O-O 7. Bd3 c5 8. O-O
a6 9. Qe1 h6 10. Bxf6 Nxf6 11. dxc5 Qc7 12. b4 e6 13. Rc1 b6 14. cxb6 Qxb6 15.
Na4 Qa7 16. Ne5 Nd7 17. Nxd7 Bxd7 18. Nc5 Bb5 19. a4 Bc6 20. a5 Bb5 21. Bxb5
axb5 22. c3 Rfc8 23. Rf2 Bf8 24. Nb3 Rc4 25. Nd4 Qd7 26. Rfc2 Rac8 27. Qe2 Bg7
28. Qd3 Kh7 29. Ra1 Bxd4 30. exd4 Qc7 31. g3 Rxc3 32. Rxc3 Qxc3 33. Qxc3 Rxc3
34. a6 Rc8 35. a7 Ra8 36. Ra6 Kg7 37. Kf2 Kf6 38. g4 Ke7 39. h4 h5 40. gxh5
gxh5 41. f5 Kf6 42. fxe6 fxe6 43. Ke3 Kf5 44. Kf3 e5 45. dxe5 Kxe5 46. Ke3 d4+
47. Kd3 Kd5 48. Rb6 Rxa7 49. Rxb5+ Kc6 50. Rc5+ Kb6 51. Rxh5 Rd7 52. Rg5 Rf7
53. Rg4 Kb5 54. Rxd4 Rh7 55. Kc3 Rc7+ 56. Kb3 Rg7 57. Rd5+ Kc6 58. Rg5 Rf7 59.
h5 Rf1 60. b5+ Kb6 61. Rd5 Rc1 62. Kb4 Kb7 63. Rc5 Rh1 64. Kc4 Rh4+ 65. Kd3 Kb6
66. Rd5 Rf4 67. Ke3 Rf1 68. Ke4 Rf2 69. Rf5 Rh2 70. Kf4 Rh1 71. Kg5 Rg1+ 72.
Kf6 Rh1 73. Kg6 Rg1+ 74. Rg5 1-0

[Event "Individual Absoluto FMA 2010 Fase Final"]
[Site "Madrid"]
[Date "2010.03.11"]
[Round "11.2"]
[White "Alcazar Jimenez, Jesus Alberto"]
[Black "Sanchez Gonzalez, Sergio"]
[Result "1/2-1/2"]
[WhiteElo "2249"]
[BlackElo "2322"]
[PlyCount "124"]
[EventDate "2010.02.23"]
[EventType "tourn"]
[EventRounds "11"]
[EventCountry "ESP"]
[EventCategory "3"]
[SourceDate "2010.02.24"]

1. e4 c5 2. Nf3 d6 3. d4 Nf6 4. Nc3 cxd4 5. Nxd4 e6 6. g4 h6 7. h4 a6 8. Rg1 d5
9. exd5 Nxd5 10. Nxd5 Qxd5 11. Bg2 Qc4 12. c3 e5 13. Qb3 Qc7 14. Nf5 Nc6 15.
Be3 Be6 16. Qb6 O-O-O 17. Qxc7+ Kxc7 18. h5 Rg8 19. Be4 Rd7 20. f3 Ne7 21. c4
Nc6 22. b3 Nd4 23. f4 g6 24. Nxd4 exd4 25. Bd2 Re7 26. Bb4 Re8 27. Bxf8 Bxg4
28. Rxg4 Rgxf8 29. hxg6 Rxe4+ 30. Kd2 fxg6 31. Rxg6 Rfxf4 32. Rxh6 Rf2+ 33. Kd3
Ref4 34. Rg1 Rf7 35. Kxd4 Rxa2 36. Rg3 a5 37. Rh5 Ra3 38. Rc5+ Kb6 39. Rb5+ Ka7
40. Rgg5 b6 41. Rg6 Rb7 42. Kd5 Ra2 43. Kc6 Re2 44. c5 Rc2 45. Rg5 Ka6 46. b4
a4 47. Rg8 Rc7+ 48. Kxc7 Kxb5 49. Rb8 Kxb4 50. Rxb6+ Ka5 51. Kd6 a3 52. Rb3 a2
53. Rb8 Ka6 54. Ra8+ Kb5 55. Rb8+ Kc4 56. Ra8 Rd2+ 57. Kc6 Kb3 58. Kb6 Rd4 59.
Rxa2 Kxa2 60. c6 Rb4+ 61. Ka7 Rc4 62. Kb7 Kb3 1/2-1/2

[Event "Individual Absoluto FMA 2010 Fase Final"]
[Site "Madrid"]
[Date "2010.03.11"]
[Round "11.4"]
[White "Moreno Ruiz, Javier"]
[Black "Taboas Rodriguez, Daniel"]
[Result "1-0"]
[WhiteElo "2455"]
[BlackElo "2378"]
[PlyCount "111"]
[EventDate "2010.02.23"]
[EventType "tourn"]
[EventRounds "11"]
[EventCountry "ESP"]
[EventCategory "3"]
[SourceDate "2010.02.24"]

1. d4 Nf6 2. c4 g6 3. Nc3 Bg7 4. e4 d6 5. f3 O-O 6. Bg5 c5 7. d5 e6 8. Qd2 exd5
9. cxd5 Bd7 10. Bd3 Qc7 11. Nge2 c4 12. Bc2 Na6 13. O-O b5 14. a3 b4 15. axb4
Nxb4 16. Bb1 Rfb8 17. Be3 a5 18. Rc1 Rb7 19. Nd1 Bb5 20. Ra3 Nd7 21. Nd4 Ba6
22. Nb3 cxb3 23. Rxc7 Rxc7 24. Rxa5 Nc2 25. Bxc2 bxc2 26. Nc3 Ne5 27. Qxc2 Nc4
28. Qa4 Nxa5 29. Qxa5 Rcc8 30. Qb6 Rcb8 31. Qc6 Bd3 32. h4 h5 33. Kh2 Ra6 34.
Qd7 Be5+ 35. f4 Bf6 36. Kg3 Kg7 37. f5 Rd8 38. Qc7 Raa8 39. Bg5 gxf5 40. Bxf6+
Kxf6 41. e5+ dxe5 42. d6 f4+ 43. Kf3 Bg6 44. Qe7+ Kg7 45. Nd5 e4+ 46. Kxf4 e3
47. Qxe3 Ra4+ 48. b4 Rb8 49. d7 Raa8 50. Qd4+ Kh6 51. Nc7 Ra4 52. d8=Q Raxb4
53. Kg3 Rxd4 54. Qxd4 Rc8 55. Qe5 Rd8 56. Qg5+ 1-0

[Event "Individual Absoluto FMA 2010 Fase Final"]
[Site "Madrid"]
[Date "2010.03.11"]
[Round "11.5"]
[White "Anton Guijarro, David"]
[Black "Suarez Uriel, Adrian"]
[Result "1-0"]
[WhiteElo "2302"]
[BlackElo "2137"]
[PlyCount "75"]
[EventDate "2010.02.23"]
[EventType "tourn"]
[EventRounds "11"]
[EventCountry "ESP"]
[EventCategory "3"]
[SourceDate "2010.02.24"]

1. Nf3 Nf6 2. c4 g6 3. Nc3 d5 4. cxd5 Nxd5 5. Qa4+ Nc6 6. Ne5 Ndb4 7. a3 Nc2+
8. Qxc2 Nxe5 9. d4 Ng4 10. Bf4 c6 11. h3 Nf6 12. e4 Bg7 13. Rd1 O-O 14. Be2 Qa5
15. O-O Nh5 16. Bc1 e5 17. b4 Qc7 18. Bxh5 exd4 19. Nd5 Qe5 20. Nf4 gxh5 21.
Qe2 Re8 22. Rfe1 Bh6 23. Nd3 Qf6 24. Qxh5 Bxc1 25. Rxc1 Qg6 26. Qh4 Kh8 27. Nf4
Qg7 28. Nh5 Qg6 29. Rcd1 Rg8 30. Nf4 Qg7 31. e5 Bf5 32. Rxd4 Rae8 33. Re3 Rxe5
34. Rg3 Bg6 35. Rd7 Re1+ 36. Kh2 Qe5 37. Nxg6+ Rxg6 38. Rxf7 1-0

[Event "Individual Absoluto FMA 2010 Fase Final"]
[Site "Madrid"]
[Date "2010.03.11"]
[Round "11.6"]
[White "Almagro Llanas, Pablo"]
[Black "Ramirez Garcia, Jorge Alberto"]
[Result "1-0"]
[WhiteElo "2459"]
[BlackElo "2175"]
[PlyCount "131"]
[EventDate "2010.02.23"]
[EventType "tourn"]
[EventRounds "11"]
[EventCountry "ESP"]
[EventCategory "3"]
[SourceDate "2010.02.24"]

1. e4 e6 2. d4 d5 3. Nc3 Nf6 4. Bg5 Be7 5. e5 Nfd7 6. h4 Nc6 7. f4 f6 8. exf6
Nxf6 9. Bb5 O-O 10. Nf3 Nh5 11. Qd2 h6 12. Bxe7 Nxe7 13. Ne2 Qd6 14. Ne5 c5 15.
c3 cxd4 16. cxd4 Nf5 17. g4 Nhg3 18. gxf5 Nxh1 19. Kf1 Qd8 20. Kg2 Nf2 21. Kxf2
Qxh4+ 22. Kg2 exf5 23. Ng3 Qf6 24. Rc1 Qb6 25. Bd7 Qa6 26. Nxf5 Bxd7 27. Ne7+
Kh8 28. N5g6+ Kh7 29. Qc2 Rf5 30. Ne5 g6 31. Nxd7 Rf7 32. Nxg6 Rg8 33. Nde5
Rxf4 34. Qc7+ Rg7 35. Qxg7+ Kxg7 36. Nxf4 Qxa2 37. Rc7+ Kf8 38. Rxb7 Qb1 39.
Ned3 Qc2+ 40. Kg3 Qd1 41. Rxa7 h5 42. Rh7 Qg1+ 43. Kf3 Qh1+ 44. Kf2 Qh4+ 45.
Ke2 Qh2+ 46. Kd1 Ke8 47. Rxh5 Qg1+ 48. Kc2 Qxd4 49. Re5+ Kf7 50. Rxd5 Qc4+ 51.
Kd2 Qb3 52. Re5 Kf6 53. Nd5+ Kf7 54. Nc3 Kf6 55. Rb5 Qg8 56. Ne4+ Ke7 57. Rg5
Qh8 58. Re5+ Kd7 59. Rh5 Qb8 60. b4 Qa8 61. Rh7+ Kc6 62. Nc3 Qa1 63. b5+ Kb6
64. Rh6+ Kb7 65. Nc5+ Kb8 66. b6 1-0